人口中央値・面積中央値から都道府県当て - Statistics

General Stats
  • This quiz has been taken 125 times
  • The average score is 15 of 47
Answer Stats
人口中央値(人) 面積中央値(㎢) 都道府県 % Correct
160497 19.48 東京都
100%
100131 34.34 大阪府
95%
80408 44.67 愛知県
90%
71979 38.64 埼玉県
80%
57060 37.75 神奈川県
79%
5266 397.44 北海道
69%
53977 69.91 千葉県
50%
32958 45.01 福岡県
41%
12530 28.90 沖縄県
37%
5239 176.97 高知県
37%
46804 109.94 静岡県
36%
54460 117.60 滋賀県
35%
41967 150.98 兵庫県
33%
39638 209.57 富山県
29%
36860 354.60 新潟県
28%
17018 47.70 奈良県
28%
15731 334.84 岩手県
28%
34022 64.52 京都府
26%
29636 341.89 広島県
26%
26878 75.78 香川県
26%
11849 336.50 島根県
26%
44626 140.05 山口県
24%
10799 139.44 鳥取県
24%
8569 109.44 長野県
24%
8104 159.93 福島県
24%
38151 122.96 茨城県
23%
28079 209.36 岡山県
23%
27976 98.18 宮城県
23%
39474 172.69 栃木県
22%
30386 304.65 大分県
22%
26574 183.21 石川県
22%
23781 85.06 佐賀県
22%
23435 247.98 秋田県
21%
22150 209.67 福井県
21%
12978 124.31 和歌山県
21%
29339 139.42 長崎県
20%
17525 178.95 三重県
20%
16693 254.53 宮崎県
20%
15386 133.85 群馬県
20%
13725 206.94 山形県
20%
12385 148.84 鹿児島県
20%
11261 197.01 青森県
20%
11094 121.19 熊本県
20%
22512 143.69 山梨県
19%
20206 240.44 愛媛県
19%
14103 129.07 徳島県
19%
25581 89.14 岐阜県
17%
No matching quizzes found
Score Distribution
Percent of People with Each Score
Percentile by Number Answered
Your Score History
You have not taken this quiz